Final Fantasy (original) Characters by Picture Quiz Stats

 Plays Quiz not verified by Sporcle

Score 0/30 Timer 05:00
1 Play Today
# Character % Correct
1Fighter
91.8%
3Red Mage
87.3%
9White Mage
81.6%
25Black Mage
78.3%
5King of Coneria
76.6%
27Ninja
72.3%
7Thief
71.7%
12White Wizard
70.3%
6Bahamut
65.4%
18Knight
64.8%
30Red Wizard
64.6%
4Black Belt
64.3%
10Vampire
58.8%
2Matoya
58.4%
24Fairy
56.8%
# Character % Correct
23Chaos
52.3%
28Master
44.9%
13Bikke
42.4%
19Astos
40.4%
21Sara or Jane
38.1%
14Black Wizard
30.1%
26Elf Prince
27.3%
16Titan
22.9%
15Sarda
19.9%
29Dr. Unne
16.6%
8Nerrick or Smith
15.2%
17Lukahn
14.1%
11Arylon the Dancer
12.5%
22Kope
6.3%
20Jim
4.9%

You're not logged in!

Compare scores with friends on all Sporcle quizzes.
OR
Log In

You Might Also Like...

Show Comments

Extras

Top Quizzes Today


Score Distribution

Your Account Isn't Verified!

In order to create a playlist on Sporcle, you need to verify the email address you used during registration. Go to your Sporcle Settings to finish the process.

Report this User

Report this user for behavior that violates our Community Guidelines.

Details: